000 00578nam a2200145 a 4500
008 120416s1969 ||||||||||||||||| || u
050 _aTK 7878.6 Kin
100 _aKing, Gordon John
245 1 0 _aServicing with the Oscilloscope
246 _aa guide to testing, adjustment and fault location in radio, television and audio equipment
260 _aLondon
_bNewnes-Butterworths
_c1969
300 _a176p. : ill
350 _a0.00
995 _D0.00
_FCBU-MAIN LIBRARY (Kitwe)
_H1
_I4.50
_UDAMAGED
_ZMain Library Open Access Collection
999 _c57334
_d57334